| 000 | 00505nam a2200169 i 4500 | ||
|---|---|---|---|
| 001 | 101076 | ||
| 003 | ES-MaACL | ||
| 005 | 20230906182821.0 | ||
| 007 | t| | ||
| 008 | 051011s1963 ag ||||1| cat d | ||
| 100 | 1 |
_aMaugham, W. Somerset. _979192 |
|
| 245 | 1 | 3 |
_aEl vel pintat / _cW. Somerset Maugham; [traducció catalana Antoni Ribera]. |
| 260 |
_aBuenos Aires : _bPlaza & Janés, _c1963. |
||
| 300 |
_a248 p. ; _c18 cm. |
||
| 700 | 1 |
_aRibera, Antonio. _996769 |
|
| 852 |
_aES-MaACL _jG-9858 _bR.52515 |
||
| 999 |
_c101076 _d101076 |
||